Časové rady a ich implementácia v praxi

Trend časových radov. Metóda najmenších štvorcov. Analýza ziskov mobilného operátora O2 prostredníctvom časových radov. Údaje ziskov spoločnosti v porovnaní s trendom.

Salvato in:
Dettagli Bibliografici
Autore principale: Hajduová, Zuzana, 1974-
Altri autori: Andrejkovič, Marek, Hodoličová, Jarmilá
Natura: Capitolo di libro
Lingua:slovacco
Soggetti:
Tags: Aggiungi Tag
Nessun Tag, puoi essere il primo ad aggiungerne!!

MARC

LEADER 00000nla$a2200000$$$4500
001 0145486
005 20240605094107.2
041 0 |a slo 
044 |a SK 
245 1 0 |a Časové rady a ich implementácia v praxi  |c Zuzana Hajduová, Marek Andrejkovič, Jarmilá Hodoličová 
520 |a Trend časových radov. Metóda najmenších štvorcov. Analýza ziskov mobilného operátora O2 prostredníctvom časových radov. Údaje ziskov spoločnosti v porovnaní s trendom. 
610 2 0 |a rady časové 
610 2 0 |a pravdepodobnosť 
610 2 0 |a štatistika matematická 
610 2 0 |a metóda štvorcov najmenších 
610 2 0 |a spoločnosti 
610 2 0 |a operátori 
610 2 0 |a telefón mobilný 
100 1 |a Hajduová, Zuzana, 1974- 
700 1 |a Andrejkovič, Marek 
700 1 |a Hodoličová, Jarmilá